Madre del Tíbet : autobiografía de Jetsun Pema, hermana de S.S. el Dalai Lama /
Autobiografía de Jetsun Pema, hermana menor de Tenzin Gyatsó, el décimo cuarto Dalai Lama, nacida en 1940, relatada a Gilles Van Grasdorff. Distinguida por la Asamblea de Tibet con el título de Madre del Tibet y dedicada desde 1964 a tareas de asistencia y educación de los niños refugiados, Pema exp...
Gardado en:
| Autor Principal: | |
|---|---|
| Outros autores: | |
| Formato: | Libro |
| Idioma: | Lingua castelá |
| Publicado: |
Palma de Mallorca, España :
José J. de Olañeta,
1998, c1998
|
| Series: | (Hesperus. Serie Mayor ;
95) |
| Temas: | |
| Etiquetas: |
Sen Etiquetas, Sexa o primeiro en etiquetar este rexistro!
|
MARC
| LEADER | 00000nam^a2200000^a^4500 | ||
|---|---|---|---|
| 001 | 000131681 | ||
| 005 | 20250521000000.0 | ||
| 009 | 20260310095030.428 | ||
| 020 | |a 84-7651-712-2 | ||
| 037 | |a Acervo ITESO - Biblioteca | ||
| 041 | |a ESP | ||
| 082 | |a 294. 3923092 |b PEM | ||
| 100 | |a Pema, Jetsun |e (autor) | ||
| 245 | 1 | 0 | |a Madre del Tíbet : |b autobiografía de Jetsun Pema, hermana de S.S. el Dalai Lama / |c J. Pema, G. van Grasdorff ; tr. por Esteve Serra. |
| 264 | 4 | |a Palma de Mallorca, España : |b José J. de Olañeta, |c 1998, c1998 | |
| 300 | |a 310 p. | ||
| 336 | |a texto |b txt |2 rdacontenido | ||
| 337 | |a sin mediación |b n |2 rdamedio | ||
| 338 | |a volumen |b nc |2 rdasoporte | ||
| 440 | 1 | |a (Hesperus. |p Serie Mayor ; |v 95) | |
| 500 | |a Traducción de: Tibet, mon histoire | ||
| 520 | |a Autobiografía de Jetsun Pema, hermana menor de Tenzin Gyatsó, el décimo cuarto Dalai Lama, nacida en 1940, relatada a Gilles Van Grasdorff. Distinguida por la Asamblea de Tibet con el título de Madre del Tibet y dedicada desde 1964 a tareas de asistencia y educación de los niños refugiados, Pema expresa su intención abierta de narrar la historia de toda una generación de tibetanos desde que el gobierno chino invadiera este territorio en 1949. | ||
| 649 | |a XX | ||
| 650 | |a Políticos Tibetanos - |x Memorias | ||
| 650 | |a Refugiados Políticos Tibetanos - |x Memorias | ||
| 650 | |a Benefactores Sociales Tibetanos - |x Memorias | ||
| 650 | |a Mujeres Tibetanas - |x Memorias | ||
| 650 | |a Religiosos Tibetanos | ||
| 650 | |a Jefes de Estado Tibetanos | ||
| 650 | |a Niños | ||
| 650 | |a Exilio | ||
| 650 | |a Emigración - |z Tibet | ||
| 650 | |a Inmigración - |z India | ||
| 650 | |a Migración | ||
| 650 | |a Budismo Tibetano | ||
| 650 | |a Budismo | ||
| 650 | |a Filosofías Orientales - |z Tibet | ||
| 650 | |a Filosofía y Religión | ||
| 650 | |a Asistencia Social | ||
| 650 | |a Política y Religión - |z Tíbet | ||
| 650 | |a Política y Religión - |z China | ||
| 650 | |a Intervención Militar en Tibet - |x Historia | ||
| 650 | |a Intervención Militar de China - |x Historia | ||
| 650 | |a Política - |z Tíbet - |x Historia - |y Ocupación China, 1951 en Adelante | ||
| 650 | |a Política - |z Tíbet - |x Historia - |y Siglo XX | ||
| 650 | |a Política - |z China - |x Historia - |y Período de la República Popular, 1949 en Adelante | ||
| 650 | |a Política - |z China - |x Historia - |y Siglo XX | ||
| 650 | |a Pema, Jestun | ||
| 600 | |a Dalai Lama XIV | ||
| 700 | |a Grasdorff, Gilles van |e (autor) | ||
| 910 | |a Fondo General | ||
| 920 | |a Impresos - Libros | ||
| 930 | |a Colección General | ||
| 905 | |a 101 | ||
| 901 | |a 0500061299 |b IT1 |c ACC |u 20250521 | ||
| 902 | |a https://opac.biblio.iteso.mx/vufind/Record/000131681 | ||